| 000 | 00579nam a22001457a 4500 | ||
|---|---|---|---|
| 003 | OSt | ||
| 005 | 20170105102931.0 | ||
| 008 | 140417b xxu||||| |||| 00| 0 eng d | ||
| 040 | _a1 | ||
| 082 |
_a303.66 _bNUS 2014 |
||
| 245 | _aInternational Seminar on Peace & Conflict Resolution 23-24 October 2013 | ||
| 260 |
_aIslamabad _bNUST _c2014 |
||
| 650 | _aRegional Peace with Focus on South Asia, Resolution of International Conflict, Peace Building and the United Nations, Experiences from UN Peacekeeping Missions in Africa, Lessons from UN Peacekeeping Operations | ||
| 942 |
_2ddc _cBK |
||
| 999 |
_c16071 _d16071 |
||